| 000 | 00666cam a2200229 4500 | ||
|---|---|---|---|
| 001 | B2328 | ||
| 008 | 090401t xxu||||| |||| 00| 0 eng d | ||
| 035 | _a(Sirsi) u49352 | ||
| 041 | _aeng | ||
| 050 | _a711.5520212 | ||
| 110 |
_aDebenham Tewson and Chinnocks _93135 |
||
| 245 | _aOffice floorspace surveys. - 3rd quarter 1978 - 4th quarter 1990 | ||
| 260 |
_aLondon _bDebenham Tewson and Chinnocks _c1978 - 199 |
||
| 300 | _alv.(loose-leaf) ; 25x36cm. | ||
| 350 | _a5 | ||
| 520 | _aNo more published, replaced by CORe central offices research q.v. | ||
| 650 | _aCITY OF LONDON | ||
| 650 | _aLONDON | ||
| 650 | _aOFFICES | ||
| 942 | _n0 | ||
| 948 | _c04/03/1997 | ||
| 999 |
_c92553 _d92553 |
||